<?xml version="1.0" encoding="UTF-8"?><?xml-stylesheet type="text/xsl" href="static/style.xsl"?><OAI-PMH xmlns="http://www.openarchives.org/OAI/2.0/" xmlns:xsi="http://www.w3.org/2001/XMLSchema-instance" xsi:schemaLocation="http://www.openarchives.org/OAI/2.0/ http://www.openarchives.org/OAI/2.0/OAI-PMH.xsd"><responseDate>2026-04-28T01:57:48Z</responseDate><request verb="GetRecord" identifier="oai:uvadoc.uva.es:10324/6181" metadataPrefix="marc">https://uvadoc.uva.es/oai/request</request><GetRecord><record><header><identifier>oai:uvadoc.uva.es:10324/6181</identifier><datestamp>2021-06-29T10:18:51Z</datestamp><setSpec>com_10324_38</setSpec><setSpec>col_10324_852</setSpec></header><metadata><record xmlns="http://www.loc.gov/MARC21/slim" xmlns:doc="http://www.lyncode.com/xoai" xmlns:xsi="http://www.w3.org/2001/XMLSchema-instance" xmlns:dcterms="http://purl.org/dc/terms/" xsi:schemaLocation="http://www.loc.gov/MARC21/slim http://www.loc.gov/standards/marcxml/schema/MARC21slim.xsd">
<leader>00925njm 22002777a 4500</leader>
<datafield tag="042" ind1=" " ind2=" ">
<subfield code="a">dc</subfield>
</datafield>
<datafield tag="720" ind1=" " ind2=" ">
<subfield code="a">Reina Pérez, María Ronda</subfield>
<subfield code="e">author</subfield>
</datafield>
<datafield tag="260" ind1=" " ind2=" ">
<subfield code="c">2014</subfield>
</datafield>
<datafield tag="520" ind1=" " ind2=" ">
<subfield code="a">El presente trabajo estudia el análisis de la audiencia de las series de televisión a través de las redes sociales. Se pretende conocer la relación entre la audiencia de televisión y la actividad en la red social de Twitter. Para ello se han elegido dos series de ficción, que emiten en la misma franja horaria (prime time) en las cadenas Antena 3 y Telecinco. Se han recogido los datos de audiencia y la actividad en la red social de Twiter durante cuatro semanas. A partir del análisis del contenido de los comentarios en la red social de Twiter y el patrón de publicaciones se ha podido identificar dos perfiles de interacción en la red diferenciado.</subfield>
</datafield>
<datafield tag="024" ind2=" " ind1="8">
<subfield code="a">http://uvadoc.uva.es/handle/10324/6181</subfield>
</datafield>
<datafield ind1=" " ind2=" " tag="653">
<subfield code="a">Televisión-Audiencia</subfield>
</datafield>
<datafield ind1=" " ind2=" " tag="653">
<subfield code="a">Redes sociales (Internet)</subfield>
</datafield>
<datafield tag="245" ind1="0" ind2="0">
<subfield code="a">Análisis de la audiencia de las series de televisión a través de las redes sociales: "Bienvenidos al Lolita" vs "El Príncipe"</subfield>
</datafield>
</record></metadata></record></GetRecord></OAI-PMH>